| 000 | 00832aam a2200277 i 4500 | ||
|---|---|---|---|
| 999 |
_c200438268 _d56480 |
||
| 003 | TR-AnTOB | ||
| 005 | 20221115144049.0 | ||
| 007 | ta | ||
| 008 | 050222s1966 tu g 00000 tur d | ||
| 040 |
_aTR-AnTOB _beng _erda _cTR-AnTOB |
||
| 041 | 0 | _atur | |
| 050 | 4 |
_aZ665.2.T8 _bE776 1966 |
|
| 090 |
_aZ665.2.T8 _bE776 1966 |
||
| 100 |
_aErsoy, Osman _eauthor _9100728 |
||
| 245 | 1 | 0 |
_aKütüphaneciliğimizin sorunları / _cDr. Osman Ersoy. |
| 264 | 3 |
_aAnkara: _bAnadolu Matbaası, _c1966. |
|
| 300 |
_a74 pages ; _c23 cm |
||
| 336 |
_atext _btxt _2rdacontent |
||
| 337 |
_aunmediated _bn _2rdamedia |
||
| 338 |
_avolume _bnc _2rdacarrier |
||
| 650 | 0 |
_aKütüphanecilik _zTürkiye _912284 |
|
| 650 | 7 |
_aKütüphanecilik _zTürkiye _2etuturkob _912284 |
|
| 942 |
_2lcc _cBK |
||